[Event "Montigny le Bretonneux op 21st"]
[Site "Montigny le Bretonneux"]
[Date "2021.12.30"]
[Round "7"]
[White "Barthere, Gilles"]
[Black "Artieres, Michel"]
[Result "0-1"]
[WhiteElo "1350"]
[BlackElo "1681"]
[PlyCount "92"]
[EventDate "2021.12.26"]
[EventType "swiss"]
[EventRounds "9"]
[EventCountry "FRA"]
[SourceTitle "EXT 2023"]
[Source "ChessBase"]
[SourceDate "2022.10.05"]
[SourceVersion "1"]
[SourceVersionDate "2022.10.05"]
[SourceQuality "1"]

1. e4 e6 2. d4 d5 3. Nc3 Bb4 4. e5 c5 5. a3 Bxc3+ 6. bxc3 Ne7 7. Bg5 Qa5 8. Bd2 Qc7 9. Nf3 Nbc6 10. Be2 Nf5 11. Bb5 Bd7 12. Bxc6 Bxc6 13. 0-0 Bb5 14. Re1 0-0-0 15. Bg5 Rdf8 16. dxc5 h6 17. Bd2 Qxc5 18. a4 Bc4 19. a5 g5 20. Be3 Nxe3 21. Rxe3 f5 22. Qd4 Qxd4 23. cxd4 Kd7 24. Nd2 Rc8 25. Nxc4 Rxc4 26. c3 Rhc8 27. Rb1 Kc6 28. Rh3 Rh8 29. Ra1 h5 30. Rg3 g4 31. h4 Rh7 32. Rd3 Kb5 33. Kf1 Rhc7 34. Ra3 Ra4 35. Rxa4 Kxa4 36. Ke2 f4 37. Kd2 Kxa5 38. Kc2 b5 39. Kb3 Kb6 40. Rd2 a5 41. Rc2 Rc4 42. Kb2 Ka6 43. Kb3 b4 44. cxb4 Rxc2 45. Kxc2 axb4 46. Kb3 Kb5 0-1

[Event "Montigny le Bretonneux op 21st"]
[Site "Montigny le Bretonneux"]
[Date "2021.12.29"]
[Round "6"]
[White "Flagiello, Domenico"]
[Black "Barthere, Gilles"]
[Result "0-1"]
[WhiteElo "1209"]
[BlackElo "1350"]
[PlyCount "106"]
[EventDate "2021.12.26"]
[EventType "swiss"]
[EventRounds "9"]
[EventCountry "FRA"]
[SourceTitle "EXT 2023"]
[Source "ChessBase"]
[SourceDate "2022.10.05"]
[SourceVersion "1"]
[SourceVersionDate "2022.10.05"]
[SourceQuality "1"]

1. Nf3 Nf6 2. d4 b6 3. c4 e6 4. Nc3 Bb7 5. Bg5 Be7 6. Bxf6 Bxf6 7. e4 d6 8. Be2 Nd7 9. 0-0 0-0 10. Qc2 c5 11. d5 Ne5 12. Rad1 Nxf3+ 13. Bxf3 Be5 14. Bg4 Qh4 15. Bh3 f5 16. f3 g5 17. exf5 exf5 18. Qf2 Qxc4 19. Qe2 Qxe2 20. Nxe2 Bxb2 21. Ng3 Bd4+ 22. Kh1 Bc8 23. Rfe1 Be5 24. Nh5 g4 25. f4 Bd4 26. Re7 gxh3 27. gxh3 Ba6 28. Rd2 Bc4 29. Rg2+ Kh8 30. Ng7 Bxd5 31. Ne6 Rg8 32. Ng5 Bxg2+ 33. Kxg2 Rxg5+ 34. fxg5 Rg8 35. h4 h6 36. Kf3 hxg5 37. h5 Be5 38. Rxa7 g4+ 39. Ke2 b5 40. h6 b4 41. a4 bxa3 42. Rxa3 Bxh2 43. Ra7 Rf8 44. Kf2 f4 45. Kg2 g3 46. Kh3 f3 47. Kh4 f2 48. Kh5 f1Q 49. Rh7+ Kxh7 50. Kh4 Qf6+ 51. Kh3 Qxh6+ 52. Kg2 Rf2+ 53. Kh1 Qc1# 0-1

[Event "Montigny le Bretonneux op 21st"]
[Site "Montigny le Bretonneux"]
[Date "2021.12.28"]
[Round "3"]
[White "Barthere, Gilles"]
[Black "Goujon, Antoine"]
[Result "1/2-1/2"]
[WhiteElo "1350"]
[BlackElo "1775"]
[PlyCount "84"]
[EventDate "2021.12.26"]
[EventType "swiss"]
[EventRounds "9"]
[EventCountry "FRA"]
[SourceTitle "EXT 2023"]
[Source "ChessBase"]
[SourceDate "2022.10.05"]
[SourceVersion "1"]
[SourceVersionDate "2022.10.05"]
[SourceQuality "1"]

1. e4 c5 2. Nf3 g6 3. d4 cxd4 4. Nxd4 Nc6 5. Be3 Bg7 6. Nc3 Nf6 7. f3 0-0 8. Qd2 d5 9. Nxc6 bxc6 10. 0-0-0 Bb7 11. e5 Nd7 12. f4 e6 13. h4 a5 14. Na4 Ba6 15. g4 f6 16. exf6 Qxf6 17. g5 Qe7 18. h5 Bxf1 19. Rdxf1 Rfb8 20. hxg6 hxg6 21. Bd4 Rb4 22. Bxg7 Qxg7 23. Nc3 Rab8 24. b3 Nc5 25. Qe3 Ne4 26. Nxe4 Rxe4 27. Qd3 Rbb4 28. c3 Rb5 29. Re1 Rxe1+ 30. Rxe1 Kf7 31. Qe3 Kf8 32. Qe5 Qxe5 33. Rxe5 Kf7 34. Kc2 Rb8 35. Kd3 Ke7 36. Kd4 Kd6 37. Kd3 Rf8 38. Ke3 Rh8 39. Kd3 Rh3+ 40. Re3 Rh2 41. Re2 Rh3+ 42. Re3 Rh2 1/2-1/2

[Event "Montigny le Bretonneux Noel op 17th"]
[Site "Montigny le Bretonneux"]
[Date "2016.12.30"]
[Round "7"]
[White "Barthere, Gilles"]
[Black "Sondermeijer, Antoine"]
[Result "1-0"]
[WhiteElo "1509"]
[BlackElo "1399"]
[PlyCount "69"]
[EventDate "2016.12.26"]
[EventType "swiss"]
[EventRounds "7"]
[EventCountry "FRA"]
[SourceTitle "CBM 176 Extra"]
[Source "ChessBase"]
[SourceDate "2017.03.02"]
[SourceVersion "1"]
[SourceVersionDate "2017.03.02"]
[SourceQuality "1"]

1. e4 c5 2. Nf3 d6 3. d4 cxd4 4. Nxd4 Nf6 5. Nc3 g6 6. Bg5 Bg7 7. Qd2 Nc6 8. Bb5 Bd7 9. Be3 Ng4 10. Nde2 Nxe3 11. Qxe3 0-0 12. 0-0-0 a6 13. Bxc6 bxc6 14. f4 Bh6 15. h3 e5 16. Rxd6 exf4 17. Nxf4 Qe7 18. Rhd1 Qe5 19. Nce2 Be6 20. Kb1 Bg7 21. c3 Bf5 22. Ng3 Bh6 23. Nxg6 Bxe3 24. Nxe5 Bf4 25. Nxf5 Bxe5 26. Rxc6 a5 27. Rd5 Rfc8 28. Kc2 a4 29. Rb6 Ra7 30. Kd3 f6 31. Rbb5 h5 32. Nh4 Kf7 33. Nf3 Bf4 34. Rxh5 Rg8 35. Rh7+ 1-0

[Event "Montigny le Bretonneux Noel op 17th"]
[Site "Montigny le Bretonneux"]
[Date "2016.12.28"]
[Round "3"]
[White "Barthere, Gilles"]
[Black "Verat Fayolle, Celian"]
[Result "0-1"]
[WhiteElo "1509"]
[BlackElo "1704"]
[PlyCount "64"]
[EventDate "2016.12.26"]
[EventType "swiss"]
[EventRounds "7"]
[EventCountry "FRA"]
[SourceTitle "CBM 176 Extra"]
[Source "ChessBase"]
[SourceDate "2017.03.02"]
[SourceVersion "1"]
[SourceVersionDate "2017.03.02"]
[SourceQuality "1"]

1. e4 e5 2. Nf3 Nc6 3. Bb5 Nge7 4. d4 exd4 5. Nxd4 g6 6. 0-0 Bg7 7. c3 0-0 8. Bg5 Nxd4 9. cxd4 c6 10. Ba4 Re8 11. Nc3 Qb6 12. Bb3 Qxd4 13. Qf3 d5 14. Rad1 Qe5 15. Bf4 dxe4 16. Nxe4 Bg4 17. Qxg4 Qxe4 18. Rfe1 Qf5 19. Qxf5 Nxf5 20. Rxe8+ Rxe8 21. g4 Nd4 22. Bc4 Re4 23. Be3 Rxg4+ 24. Kf1 Bf6 25. b3 c5 26. h3 Re4 27. Kg2 Re7 28. Bh6 b5 29. Bxb5 Re5 30. Be3 Nxb5 31. Bh6 g5 32. Rd8+ Bxd8 0-1